000 00593nam a22002057a 4500
003 LK-CoMWRAF
005 20231017115208.0
008 231017b |||||||| |||| 00| 0 eng d
020 _a9559729713
040 _aLK-CoMWRAF
_dLK-CoMWRAF
_eLK-CoMWRAF
041 _aeng
082 _a822
_bFON
100 _aFonseka, E. A. Gamini
245 _aCompanion to drama :
_b(Based on the Sri Lanka GCE (O Level) literature syllabus)
260 _aBandarawela :E. A. Gamini fonseka,
_b2000
300 _a81p0 : 21cm.
650 _aEnglish drama
650 _aLiterature--GCE (O Level)
942 _cBK
999 _c3904
_d3904